000 00845nam a22002057a 4500
999 _c13458
_d13458
003 AR-CdUCM
008 190415b ||||| |||| 00| 0 spa d
040 _aMUNICIPALIDAD PROVINCIAL DEL CUSCO
_cBIBLIOTECA MUNICIPAL DEL CUSCO
082 _a361.91 /
_bC16 / 1956
100 _aCallo Càceres, Antonio
_919301
245 _aLa Política social ;
_bActividad del estado encaminada al bienestar colectivo /
260 _aCuzco :
_bUniversidad Nacional del Cusco,
_c1956.
300 _a258 paginas ;
_c20 cm.
505 _aContenido :Ubicación de la política social --La organización social y las doctrinas económicas --Las clases sociales --Sujetos de la política social ...
650 _aPolítica social
_94012
650 _aBienestar social
_96974
650 _aOrganización
_94866
942 _2ddc
_cLIBROS
945 _arjall
_d2019_04-15